Fundamentals of Pediatric Dentistry (Record no. 26810)

MARC details
000 -LEADER
fixed length control field 00346nam a22001457a 4500
003 - CONTROL NUMBER IDENTIFIER
control field SGT
020 ## - INTERNATIONAL STANDARD BOOK NUMBER
International Standard Book Number 9788192297750
082 ## - DEWEY DECIMAL CLASSIFICATION NUMBER
Classification number 617.645
Item number F14M
100 ## - MAIN ENTRY--PERSONAL NAME
Personal name Mathewson, Richard J.
245 ## - TITLE STATEMENT
Title Fundamentals of Pediatric Dentistry
260 ## - PUBLICATION, DISTRIBUTION, ETC. (IMPRINT)
Name of publisher, distributor, etc Quintessence Books
Year of Publication 2014
300 ## - PAGE DESCRIPTION
No. of Pages 400
650 ## - SUBJECT ADDED ENTRY--TOPICAL TERM
Topical term or geographic name as entry element Pediatric Dentistry
942 ## - ADDED ENTRY ELEMENTS (KOHA)
Source of classification or shelving scheme Dewey Decimal Classification
Koha item type Books
Holdings
Withdrawn status Lost status Source of classification or shelving scheme Damaged status Use restrictions Not for loan Home library Current library Shelving location Date acquired Vendor Name Cost, normal purchase price SGTU Bill Number Total Checkouts Full call number Accession No. (Barcode) Date last seen Bill Date Koha item type
    Dewey Decimal Classification   Restricted Access Not For Loan SGT Dental Library SGT Dental Library Reference Book 22/08/2024 Ahuja Book Co. Pvt. Ltd. 1695.00 SGTU 19153   617.645 F14M FD9447 22/08/2024   Books
    Dewey Decimal Classification       SGT Dental Library SGT Dental Library Text Book 22/08/2024 Ahuja Book Co. Pvt. Ltd. 1695.00 SGTU 19153   617.645 F14M FD9448 22/08/2024   Books